A metric manual of specifications and quantities for civil engineers / (Record no. 549026)
[ view plain ]
| 000 -LEADER | |
|---|---|
| fixed length control field | 00878cam a2200229 i 4500 |
| 020 ## - INTERNATIONAL STANDARD BOOK NUMBER | |
| International Standard Book Number | 0340123761 |
| 020 ## - INTERNATIONAL STANDARD BOOK NUMBER | |
| International Standard Book Number | 034012377X |
| 082 00 - DEWEY DECIMAL CLASSIFICATION NUMBER | |
| Classification number | 692.8 |
| Author Mark | KIN |
| -- | L-21, P-64 |
| 100 1# - MAIN ENTRY--PERSONAL NAME | |
| Personal name | King, W. H. |
| 9 (RLIN) | 45527 |
| 245 12 - TITLE STATEMENT | |
| Title | A metric manual of specifications and quantities for civil engineers / |
| Statement of responsibility, etc. | [by] W.H. King, D.M.R. Esson. |
| 260 ## - PUBLICATION, DISTRIBUTION, ETC. | |
| Place of publication, distribution, etc. | London : |
| Name of publisher, distributor, etc. | English Universities Press, |
| Date of publication, distribution, etc. | 1975. |
| 300 ## - PHYSICAL DESCRIPTION | |
| Extent | x, 230 p. : |
| Other physical details | ill., facsims., forms, plans ; |
| Dimensions | 23 cm. |
| 500 ## - GENERAL NOTE | |
| General note | Based on the 5th ed. of A manual of specifications and quantities for civil engineers by A. Johnson and W. H. King. |
| 500 ## - GENERAL NOTE | |
| General note | Includes index. |
| 526 ## - STUDY PROGRAM INFORMATION NOTE | |
| Program name | 0 |
| Interest level | 0 |
| Reading level | 0 |
| Title point value | 692_800000000000000_KIN |
| 650 #0 - SUBJECT ADDED ENTRY--TOPICAL TERM | |
| Topical term or geographic name entry element | Civil engineering |
| General subdivision | Specifications. |
| 9 (RLIN) | 40600 |
| 650 #0 - SUBJECT ADDED ENTRY--TOPICAL TERM | |
| Topical term or geographic name entry element | Engineering |
| General subdivision | Specifications. |
| 9 (RLIN) | 45528 |
| 650 #0 - SUBJECT ADDED ENTRY--TOPICAL TERM | |
| Topical term or geographic name entry element | MCE |
| 9 (RLIN) | 379 |
| 700 1# - ADDED ENTRY--PERSONAL NAME | |
| Personal name | Esson, D. M. R. |
| 9 (RLIN) | 45529 |
| 700 1# - ADDED ENTRY--PERSONAL NAME | |
| Personal name | Johnson, A. |
| 9 (RLIN) | 45530 |
| 942 ## - ADDED ENTRY ELEMENTS (KOHA) | |
| Source of classification or shelving scheme | |
| Koha item type | Book |
| Withdrawn status | Lost status | Source of classification or shelving scheme | Damaged status | Not for loan | Permanent Location | Current Location | Date acquired | Total Checkouts | Full call number | Barcode | Date last seen | Price effective from | Koha item type |
|---|---|---|---|---|---|---|---|---|---|---|---|---|---|
| Military College of Engineering (MCE) | Military College of Engineering (MCE) | 09/15/2014 | 692.8 KIN | MCE-5104 | 09/15/2014 | 09/15/2014 | Book |
